000 00207 a2200097 4500
001 47738
100 _aFraser R
245 _aOnce round the sun
260 _aNew York
_bMacmillan
_c
090 _c30742
_d30742
942 _aNUST-CAE
_cM
_c23050
999 _c282811
_d282811